| 000 | 03279nam0a2200373 4500 | ||
|---|---|---|---|
| 001 | RU\NLR\bibl\1257461 | ||
| 005 | 20260408202357.0 | ||
| 021 |
_aRU _b2008-44920 _92483 |
||
| 035 | _a(NLR Aleph) 001243484 | ||
| 090 |
_a273768 _c273768 |
||
| 100 | _a20080731d2008 |||y0rusy50 ca | ||
| 101 | 0 | _arus | |
| 102 | _aRU | ||
| 105 | _aa ||||||||| | ||
| 200 | 1 |
_aОпыт разработки компетентностно-ориентированной образовательной программы по направлению подготовки "Металлургия" в Московском институте стали и сплавов _eматериалы XVIII Всероссийской научно-методической конференции "Проектирование федеральных государственных образовательных стандартов и образовательных программ высшего профессионального образования на компетентностной основе" _fВ.П. Соловьев, Ю.А. Крупин, С.Ю. Юрчук [и др.] |
|
| 210 |
_aМосква _aУфа _cИсследовательский центр проблем качества подготовки специалистов _d2008 |
||
| 215 |
_a46 с. _cил. _d21 |
||
| 225 | 1 | _aПроблемы качества образования | |
| 300 | _aНа 46-й с. авт.: Соловьев В.П., к.т.н., проф., Крупин Ю.А., к.ф.-м.н., доц., Юрчук С.Ю., к.ф.-м.н., доц. | ||
| 300 | _aВ надзаг.: М-во образования и науки Рос. Федерации, Федер. агентство по образованию, Исслед. центр проблем качества подгот. специалистов Моск. гос. ин-та стали и сплавов (технол. ун-та), Уфим. гос. авиац. техн. ун-т, Гос. технол. ун-т Моск. ин-т стали и сплавов | ||
| 320 | _aБиблиогр.: с. 34-35 (13 назв.) | ||
| 601 | 0 | 2 |
_aМосковский институт стали и сплавов _xУчебные программы _xСоставление _jСъезды, совещания и т.п. _3RU\NLR\auth\661499880 _92532336 |
| 606 | 1 |
_aИнженеры-металлурги _jСъезды, совещания и т.п. _xПодготовка _91831183 _3RU\NLR\auth\66828004 |
|
| 686 | 1 | _aЧ488.754.121.1я431 | |
| 701 | 1 |
_4070 _8rus _7ca _aСоловьев _bВ. П. _cканд. техн. наук _f1940- _gВиктор Петрович _3RU\NLR\auth\7771024 _953952 |
|
| 701 | 1 |
_4070 _8rus _7ca _aКрупин _bЮ. А. _gЮрий Александрович _3RU\NLR\auth\7771054 _953982 |
|
| 701 | 1 |
_4070 _8rus _7ca _aЮрчук _bС. Ю. _gСергей Юрьевич _3RU\NLR\auth\7771038 _953966 |
|
| 711 | 1 | 2 |
_a"Проблемы качества образования", всероссийская научно-методическая конференция _d18 _f2008 _eМосква/Уфа _3RU\NLR\AUTH\8810121649 _9741418 |
| 801 | 0 |
_aRU _bNLR _c20080731 _gRCR |
|
| 801 | 1 |
_aRU _bNLR _c20080731 |
|
| 942 | _cBOOK | ||
| 980 | _aNB | ||